Famous Architects 2 - Statistics

General Stats
  • This quiz has been taken 45 times
  • The average score is 6 of 16
Answer Stats
Picture Hint Answer % Correct
Canada/ USA Frank Gehry
86%
United Kingdom Norman Foster
78%
Italy Renzo Piano
69%
China/ USA I. M. Pei
61%
Netherlands Rem Koolhaas
53%
Estonia/ USA Louis Kahn
39%
USA Philip Johnson
39%
USA Louis H. Sullivan
36%
France Jean Nouvel
33%
Ghana/ United Kingdom David Adjaye
22%
Brazil Lina Bo bardi
22%
Poland/ USA Daniel Libeskind
19%
France Charlotte Perriand
17%
Hungary/ Germany/ USA Marcel Breuer
17%
Switzerland/ France Bernard Tschumi
8%
USA Florence Knoll
3%
No matching quizzes found
Score Distribution
Percent of People with Each Score
Percentile by Number Answered
Your Score History
You have not taken this quiz